| 000 | 00565nam a2200205Ia 4500 | ||
|---|---|---|---|
| 003 | OSt | ||
| 005 | 20260601163454.0 | ||
| 008 | 210210b1998 xxu||||| |||| 00| 0 eng d | ||
| 040 | _cAL | ||
| 041 | _aKannada | ||
| 082 | _a793.3K MURN | ||
| 100 |
_aMURALIDHARARAV (K). _dಮುರಳೀಧರ ರಾವ್ (ಕೆ) _9264940 |
||
| 245 |
_aNratyaloka. _bನೃತ್ಯಲೋಕ |
||
| 260 |
_aMangaluru. _bAtri Buk Sentar., _c1998 |
||
| 300 | _axxii,504 | ||
| 650 |
_aNratyaloka _9264941 |
||
| 690 |
_aThe Arts _9264942 |
||
| 906 | _a052903 | ||
| 942 |
_2ddc _cBK |
||
| 999 |
_c101294 _d101294 |
||